000 00589nam a2200193Ia 4500
005 20250508155805.0
008 008 250505s9999 xx 000 0 eng d
037 _aDissertations
040 _aFEDL
_beng
_cFEDL
041 _aeng
_2eng
084 _a157.3, DEV/DI
_qFEDL
100 _aDevinder Kumar
245 0 _aStudy of anxiety level of Delhi primary school teachers in relation to sex, age and qualification
260 _c1976
300 _a78p.
546 _aM. Ed. Dissertation (Delhi University)
942 _cDIS
_h157.3, DEV/DI
999 _c1359305
_d1359305